• 首页
  • 本馆介绍
  • 公告通知
  • 最新文献
  • 馆藏检索
  • 电子资源
  • 读者导购
  • 参考咨询
  • 我的图书馆
  • 登录
  • 详细信息显示
  • 放入我的书架
  • 预约/预借图书
  • 作者相关作品
  • 分类相关作品
  • 丛书相关作品
  • 出版社相关作品

书目信息

  • 表格格式
  • 工作单格式
  • 卡片格式
题名:
媒介演化和艺术传播
    
 
作者: 陈端端 著
分册:  
出版信息: 北京   中国国际广播出版社  2017
页数: 289页
开本: 24cm
丛书名:
单 册:
中图分类: G206.2 , J0-05
科图分类:
主题词: 艺术--yi shu--传播媒介
电子资源:
ISBN: 978-7-5078-4036-0
000 00990cam0 2200289 450
001 012001002833
005 20131031102920.0
010    @a978-7-5078-4036-0@dCNY62.00
099    @aCAL 012018005865
100    @a20171214d2017 em y0chiy50 ea
101 0  @achi
102    @aCN@b110000
105    @aak a 000yy
106    @ar
200 1  @a媒介演化和艺术传播@Amei jie yan hua he yi shu chuan bo@f陈端端著
210    @a北京@c中国国际广播出版社@d2017
215    @a289页@c图@d24cm
306    @a本书由人文在线出版基金资助出版
314    @a陈端端, 南京师范大学美术学院学士等。
320    @a有书目 (第205-220页)
330    @a本书共分为六章, 其主要内容包括: 艺术信息的传达与传输 ; 艺术传达媒介的演化 ; 艺术传输媒介的演化 ; 艺术传播中的媒介材质 ; 艺术信息与传播媒介 ; 艺术传播的智能媒介。
606 0  @a艺术@Ayi shu@x传播媒介
690    @aG206.2@v5
690    @aJ0-05@v5
701  0 @a陈端端@Achen duan duan@4著
801    @b江苏凤凰@c20191020
905    @b1230831-6@dG206.2@e751@f6
    
    媒介演化和艺术传播/陈端端著.-北京:中国国际广播出版社,2017
    289页:图;24cm
    
    
    ISBN 978-7-5078-4036-0:CNY62.00
    本书共分为六章, 其主要内容包括: 艺术信息的传达与传输 ; 艺术传达媒介的演化 ; 艺术传输媒介的演化 ; 艺术传播中的媒介材质 ; 艺术信息与传播媒介 ; 艺术传播的智能媒介。
●
相关链接 在E读中查询图书 在五车中查询图书 在当当中查询图书 在豆瓣中查询图书


正题名:媒介演化和艺术传播     索取号:G206.2/751         预约/预借

序号 登录号 条形码 馆藏地/架位号 状态 备注
1 1230831   212308313   第一样本阅览室/ [索取号:G206.2/751] 在馆    
2 1230832   212308322   教育系资料室/ [索取号:G206.2/751] 在馆    
3 1230833   212308331   教育系资料室/ [索取号:G206.2/751] 在馆    
4 1230834   212308340   教育系资料室/ [索取号:G206.2/751] 在馆    
5 1230835   212308359   第四借阅区/ [索取号:G206.2/751] 在馆    
6 1230836   212308368   第四借阅区/ [索取号:G206.2/751] 在馆    
唐山师范学院图书馆 欢迎您!
大连网信软件有限公司© 版权所有